| 000 | 00636nmc a2200253 a 4500 | ||
|---|---|---|---|
| 003 | AR-Y00000XR | ||
| 005 | 20251128211552.0 | ||
| 008 | 277020s1993 ||||||||||||||000 | spa|| | ||
| 020 | _a1-85326-101-7 | ||
| 040 | _cAR-Y00000XR | ||
| 100 | 1 | _aGrimm, Jacob | |
| 245 | 1 | 0 | _aGrimm's fairy tales |
| 260 |
_aHertfordshire _bWordsworth Editions _c1993 |
||
| 300 | 0 | _a272 p. | |
| 490 | 0 | _aWordsworth classics | |
| 650 | 4 | _aCUENTOS DE HADAS | |
| 650 | 4 | _aCUENTO INFANTIL | |
| 650 | 4 | _aLITERATURA CLASICA | |
| 653 | 0 | _aCUENTO MARAVILLOSO | |
| 655 | _aLITERATURA | ||
| 700 | 1 | _aGrimm, Wilhelm | |
| 942 | _cBK | ||
| 998 | _cmi-desc | ||
| 999 |
_c20223 _d20223 |
||